000 00392pab a2200145 454500
008 180718b2001 xxu||||| |||| 00| 0 eng d
100 _aHayes, Colin
245 _aSome thoughts on the ethics and practices of public inquiries into policing in Canada
260 _c2001
300 _ap.216-19
650 _aPolice - Canada
650 _aPolice
773 _aPolice Journal
909 _a49944
999 _c49944
_d49944